[Event "Girona op 5th"]
[Site "Girona"]
[Date "2014.07.15"]
[Round "1"]
[White "Nunez Nasplera, Pere"]
[Black "Padilla Lopez, Demetrio Roberto"]
[Result "0-1"]
[WhiteElo "1711"]
[BlackElo "1971"]
[PlyCount "48"]
[EventDate "2014.07.15"]
[EventType "swiss"]
[EventRounds "9"]
[EventCountry "ESP"]
[SourceTitle "EXT 2016"]
[Source "ChessBase"]
[SourceDate "2015.10.08"]
[SourceVersion "1"]
[SourceVersionDate "2015.10.08"]
[SourceQuality "1"]

1. d4 d5 2. Nf3 Nf6 3. e3 c5 4. c3 Bg4 5. Nbd2 Nc6 6. Bd3 cxd4 7. cxd4 e6 8. 0-0 Bd6 9. Re1 0-0 10. e4 dxe4 11. Nxe4 Nxd4 12. Re3 Nd5 13. Be2 Nxe3 14. Bxe3 Nxe2+ 15. Qxe2 Qe7 16. Rd1 Rfd8 17. Bg5 f6 18. Bh4 Rac8 19. h3 Bxf3 20. Qxf3 Be5 21. Rf1 Rc2 22. Bg3 Bxg3 23. Nxg3 Rxb2 24. Nh5 Rxa2 0-1